1437 1427 1572 1718 1612 1749 1974 1373 1837 1306 1985 1666 1987 1203 1687 1397 1262 1472 1418 1255 1705 1076 1171 1237 1848 1517 1950 1552 1816 1674 1526 1626 1896 1622 1288 1343 1881 1672 1870 1061 1453 1549 1761 1337 1858 1078 1081 1171 1802 1290 1671 1083 1053 1604 1664 1641 1242 1519 1291 1580 1868 1532 1363 1927 1497 1255 1851 1718 1093 1828 1987 1875 1659 1232 1249 1099 1471 1065 1335 2000 1209 1999 1593 1964 1038 1444 1261 1253 1712 1871 1299 1077 1601 1604 1135 1769 1858 1404 1485 BCNSPRNW ULIB Ver.6.0+V

เปลี่ยนเป็นภาษาไทย

Change to English
 แสดงรายละเอียดบรรณานุกรม
  กลับหน้าหลัก

Brief Record : Get Marc (ISO 2709) : E-mail record : QR code < ปิดหน้าต่าง
LEADER : 00000nam 2200000uu 4500
001    13399121548
003     ULIB
008    020711s2550 th a 000 0 tha d
020    9789747446593
099    นว.ม751อ
100    W.maple
245    อาทิตย์แรกแห่งพันต์
250    พิมพ์ครั้งที่ 2
260    กรุงเทพฯ :^bแจ่มใส,^c2550
945    ^p189^l0^i022521
995    เกษร
999    ^aทศพร
รายการนี้ยังไม่มีแท็ก
คุณยังไม่ได้ล็อกอิน คุณสามารถมีกิจกรรมร่วมกับเว็บไซต์ได้ แต่ต้องล็อกอินก่อน ::
  ล็อกอิน

รายการสื่อสารสนเทศ

ลำดับที่ ประเภท เลขเรียก/บาร์โค้ด สถานที่ สถานะ
1. วิทยาศาสตร์การแพทย์ และสุขภาพ
วิทยาศาสตร์การแพทย์ และสุขภาพ
นว.ม751อ  
  Barcode: 022521
ห้องสมุดวิทยาเขตสวรรค์ประชารักษ์
►หนังสือทั่วไป
บนชั้น

รายการใกล้เคียง
    ชื่อเรื่อง [อาทิตย์แรกแห่งพันต์]

BibComment


ยังไม่เคยถูกคอมเมนท์

คอมเมนท์ทรัพยากรรายการนี้
  คอมเมนท์: อาทิตย์แรกแห่งพันต์


 Copyright 2026. Bcnsprnw @Library